00398nam a2200145Ia 4500003000400000008004100004040001600045082001600061100002100077245006400098260004200162300000800204650001400212650002600226GCL140319s9999 xx 000 0 eng d aGCL / cGCL04a745.55bM S1 aMAURIES, PATRICK10aSHELL SHOCK: CONCHOLOGICAL CURIOSITIES / cMAURIES, PATRICK a[S.N] : bTHAMES AND HUDSON ، c1994 a11204aHANDCRAFT04aHANDCRAFTS USING SILK